[Event "Championnat de France des Jeunes - Pupil"]
[Site "LE GRAND BORNAND"]
[Date "????.??.??"]
[Round "2.11"]
[White "Ringuet, Noe"]
[Black "Roubaud, Alexandre"]
[Result "1/2-1/2"]
[WhiteElo "1640"]
[BlackElo "1821"]
[PlyCount "75"]

1. b4 d5 2. Bb2 Bf5 3. Nf3 e6 4. e3 Nf6 5. a3 a6 6. Be2 Nbd7 7. O-O c5 8. bxc5
Nxc5 9. Be5 Bd6 10. d4 Bxe5 11. Nxe5 Ncd7 12. f4 Rc8 13. Bd3 Nxe5 14. fxe5 Ne4
15. Qf3 O-O 16. Qe2 Qg5 17. Nd2 Nc3 18. Qf2 Bxd3 19. cxd3 Qg6 20. Nb3 Qxd3 21.
Nc5 Qb5 22. a4 Qc6 23. Qh4 Rc7 24. Rf3 Ne4 25. Nxe4 dxe4 26. Rh3 h6 27. Rg3 Kh8
28. Rf1 Qxa4 29. Qxe4 Qb5 30. h4 Qd5 31. Qf4 Qd8 32. Rxg7 Kxg7 33. Qg4+ Kh8 34.
Rf6 Kh7 35. Qe4+ Kg7 36. Qg4+ Kh7 37. Qe4+ Kg7 38. Qg4+ 1/2-1/2

[Event "Championnat de France des Jeunes - Pupil"]
[Site "LE GRAND BORNAND"]
[Date "????.??.??"]
[Round "2.12"]
[White "Turlin, Simon"]
[Black "Leroyer, Theo"]
[Result "1-0"]
[WhiteElo "1640"]
[BlackElo "1820"]
[PlyCount "79"]

1. e4 e6 2. d4 d5 3. e5 c5 4. c3 Qb6 5. Nf3 Nc6 6. Bd3 Bd7 7. Bc2 cxd4 8. cxd4
Bb4+ 9. Nc3 Nge7 10. a3 Bxc3+ 11. bxc3 Na5 12. O-O Nc4 13. Nd2 Nxd2 14. Bxd2
Bb5 15. Re1 Qa6 16. Re3 Ng6 17. Rb1 Bc4 18. Ra1 b6 19. Qh5 Kd7 20. Qd1 Qc8 21.
Bb3 Qc7 22. Rf3 Rhf8 23. Qb1 h6 24. Ba4+ Kd8 25. Bb5 Bxb5 26. Qxb5 Qc4 27. Qxc4
dxc4 28. Rb1 Ke7 29. Rb4 Rac8 30. a4 a5 31. Rb5 Rc6 32. g3 Rd8 33. Re3 Rd5 34.
Rxd5 exd5 35. Re1 Ke6 36. Kg2 Kf5 37. Kf3 h5 38. h3 Re6 39. g4+ hxg4+ 40. hxg4#
1-0

[Event "Championnat de France des Jeunes - Pupil"]
[Site "LE GRAND BORNAND"]
[Date "????.??.??"]
[Round "2.13"]
[White "Messinger, Karl"]
[Black "Rakotoniaina, Erwin"]
[Result "1/2-1/2"]
[WhiteElo "1630"]
[BlackElo "1810"]
[PlyCount "72"]

1. e4 c5 2. Nf3 e6 3. Qe2 Nc6 4. g3 Be7 5. Bg2 Nf6 6. O-O O-O 7. d3 a6 8. h3 e5
9. Nc3 d6 10. Bg5 Nd4 11. Nxd4 exd4 12. Bxf6 dxc3 13. Bxe7 Qxe7 14. bxc3 Qc7
15. Qd2 Be6 16. a4 b5 17. axb5 axb5 18. Rxa8 Rxa8 19. Rb1 g6 20. Rxb5 Qd7 21.
Rb1 Bxh3 22. Rd1 Bxg2 23. Kxg2 Rd8 24. d4 Qc6 25. Qe3 Rc8 26. Rd3 cxd4 27. Qxd4
Qc5 28. Qxc5 Rxc5 29. Rxd6 Rc4 30. Kf3 Kg7 31. Ke3 Rxc3+ 32. Kd2 Rf3 33. Ke2
Rc3 34. Kd2 Rf3 35. Ke2 Rc3 36. Kd2 Rf3 1/2-1/2

[Event "Championnat de France des Jeunes - Pupil"]
[Site "LE GRAND BORNAND"]
[Date "????.??.??"]
[Round "2.14"]
[White "Deslias, Gregoire"]
[Black "Duff, Rufus"]
[Result "1/2-1/2"]
[WhiteElo "1807"]
[BlackElo "1570"]
[PlyCount "108"]

1. d4 d5 2. c4 e6 3. Nc3 Nf6 4. Bg5 Be7 5. Nf3 c6 6. Rc1 Nbd7 7. e3 a6 8. Bf4
O-O 9. Be2 Re8 10. O-O Bb4 11. a3 Bxc3 12. Rxc3 Nf8 13. b4 Bd7 14. Ne5 Rc8 15.
Rc1 h6 16. c5 Ra8 17. a4 Ra7 18. Rb1 Ne4 19. Qc2 Qa8 20. f3 Nf6 21. a5 Qd8 22.
e4 Nh5 23. Bd2 Nf6 24. Bd3 Bc8 25. Be3 Re7 26. Ng4 Nxg4 27. fxg4 e5 28. dxe5
Rxe5 29. Bf4 Re8 30. Bd6 Be6 31. e5 Ra8 32. Bf5 Rc8 33. Qf2 Qd7 34. Qf3 g6 35.
Bxe6 Nxe6 36. Rf2 Nd8 37. h3 Qe6 38. Qf4 Kg7 39. g5 hxg5 40. Qxg5 Rh8 41. Rf6
Qe8 42. Qg4 Ra8 43. Rbf1 Rh7 44. Qf4 Kg8 45. Re1 Ne6 46. Qf2 Rd8 47. Rf1 Rg7
48. Qf3 Nd4 49. Qf2 Ne6 50. Qf3 Nd4 51. Qf2 Ne6 52. Qf3 Nd4 53. Qf2 Ne6 54. Qf3
Nd4 1/2-1/2

[Event "Championnat de France des Jeunes - Pupil"]
[Site "LE GRAND BORNAND"]
[Date "????.??.??"]
[Round "2.15"]
[White "Aubry, Yannis"]
[Black "Barbot, Pierre"]
[Result "0-1"]
[WhiteElo "1540"]
[BlackElo "1781"]
[PlyCount "52"]

1. e4 c5 2. Nf3 Nc6 3. d4 cxd4 4. Nxd4 Nf6 5. Nc3 d6 6. Be2 Nxd4 7. Qxd4 g6 8.
Bg5 Bg7 9. Qd2 O-O 10. O-O-O Be6 11. h4 Qb6 12. f3 Rfc8 13. Na4 Qc6 14. b3 b5
15. Nb2 a5 16. Kb1 a4 17. g4 axb3 18. cxb3 Rxa2 19. Kxa2 Qa6+ 20. Na4 Bxb3+ 21.
Kb1 Bxd1 22. Qxd1 Qxa4 23. Qxa4 bxa4 24. h5 Kf8 25. h6 Bh8 26. Ka2 Rc2+ 0-1

[Event "Championnat de France des Jeunes - Pupillettes"]
[Site "LE GRAND BORNAND"]
[Date ""]
[Round "2.1"]
[White "Aflalo, Sophie"]
[Black "Bertrand, Meryl"]
[Result "1-0"]
[WhiteElo "1954"]
[BlackElo "1550"]
[Annotator ""]

1. e4 e5 2. Nf3 Nc6 3. Bc4 Bc5 4. c3 Nf6 5. d4 exd4 6. cxd4 Bb4+ 7.
Nc3 Nxe4 8. O-O Nxc3 9. bxc3 Be7 10. d5 Nb8 11. Be3 O-O 12. Qd3 d6 13.
Bb3 Bg4 14. Bc2 g6 15. Bh6 Re8 16. Qd4 Bf6 17. Qxg4 Bxc3 18. Rac1 Qf6
19. Ba4 Re2 1-0

[Event "Championnat de France des Jeunes - Pupil"]
[Site "LE GRAND BORNAND"]
[Date "????.??.??"]
[Round "2.2"]
[White "Marinigh, Lisa"]
[Black "Eid, Maha"]
[Result "0-1"]
[WhiteElo "1540"]
[BlackElo "1850"]
[PlyCount "74"]

1. e4 c5 2. Nf3 e6 3. Nc3 a6 4. Bc4 Qc7 5. O-O b5 6. Be2 Bb7 7. d3 Nc6 8. Be3
Nf6 9. h3 Be7 10. a3 O-O 11. d4 b4 12. axb4 cxb4 13. Nb1 Nxe4 14. Nbd2 Nf6 15.
Nb3 Nd5 16. Qd2 a5 17. Bb5 Qb6 18. Bxc6 Bxc6 19. Ne5 Bb5 20. Rfe1 f6 21. Nf3 f5
22. Qc1 Rfc8 23. Qd1 a4 24. Nc1 a3 25. b3 Qc7 26. Bg5 Bxg5 27. Nxg5 h6 28. Nf3
Qxc2 29. Qxc2 Rxc2 30. Ne5 Rac8 31. g3 Nc3 32. h4 Ne4 33. Ned3 Rb8 34. f3 Nxg3
35. Ne5 Rb7 36. Rd1 Ne2+ 37. Kf1 Nc3+ 0-1

[Event "Championnat de France des Jeunes - Pupil"]
[Site "LE GRAND BORNAND"]
[Date "????.??.??"]
[Round "2.3"]
[White "Bekhouche, Marion"]
[Black "Massard, Aurelie"]
[Result "1-0"]
[WhiteElo "1756"]
[BlackElo "1520"]
[PlyCount "55"]

1. d4 d5 2. Nf3 e6 3. c4 c6 4. Nc3 f5 5. Bg5 Nf6 6. e3 Bd6 7. Bd3 Nbd7 8. cxd5
cxd5 9. O-O O-O 10. Rc1 a6 11. a3 Be7 12. Ne5 Nxe5 13. dxe5 Ng4 14. Bf4 Bg5 15.
Bg3 Bh4 16. h3 Bxg3 17. hxg4 Bxe5 18. gxf5 exf5 19. Nxd5 Kh8 20. Nc3 Qh4 21. f4
Bb8 22. Nd5 Ba7 23. Rf3 Qd8 24. Bc4 b5 25. Ba2 Bb7 26. Rh3 Re8 27. Rc3 Re7 28.
Rxh7+ 1-0

[Event "Championnat de France des Jeunes - Pupil"]
[Site "LE GRAND BORNAND"]
[Date "????.??.??"]
[Round "2.4"]
[White "Kancel, Sarah"]
[Black "Navrotescu, Andreea Cristiana"]
[Result "0-1"]
[WhiteElo "1530"]
[BlackElo "1670"]
[PlyCount "114"]

1. e4 c5 2. Nc3 d6 3. Nf3 Nf6 4. Bc4 a6 5. d3 e6 6. Bg5 b5 7. Bb3 Bb7 8. a3 Be7
9. Ne2 h6 10. Be3 Nc6 11. Ng3 Na5 12. Ba2 Rc8 13. O-O O-O 14. h3 c4 15. Rc1 Nd7
16. Re1 f5 17. exf5 exf5 18. Bd4 d5 19. Qd2 Nc6 20. dxc4 Nxd4 21. Qxd4 dxc4 22.
Nh5 Bf6 23. Nxf6+ Nxf6 24. Qxd8 Rcxd8 25. b3 Bxf3 26. gxf3 Rd4 27. Rcd1 Rfd8
28. Rxd4 Rxd4 29. bxc4 bxc4 30. Kf1 Kh7 31. Bb1 c3 32. Re3 Rd1+ 33. Re1 Rd4 34.
Re3 Nd5 35. Rd3 Rxd3 36. cxd3 Kg6 37. Kg2 h5 38. Kg3 f4+ 39. Kg2 Kf6 40. h4 Ke5
41. Kf1 Kd4 42. Ke2 a5 43. Kd1 Ne7 44. Kc2 Nf5 45. Ba2 Nxh4 46. Be6 Nxf3 47.
Bf5 Ne1+ 48. Kd1 Nxd3 49. Kc2 Nxf2 50. Kb3 h4 51. Kc2 h3 52. Bxh3 Nxh3 53. a4
f3 54. Kd1 g5 55. Ke1 g4 56. Kf1 c2 57. Ke1 c1=Q# 0-1

[Event "Championnat de France des Jeunes - Pupil"]
[Site "LE GRAND BORNAND"]
[Date "????.??.??"]
[Round "2.5"]
[White "Rigolot, Lucie"]
[Black "Ferrer, Lauriane"]
[Result "1-0"]
[WhiteElo "1654"]
[BlackElo "1490"]
[PlyCount "81"]

1. e4 c5 2. Nf3 d6 3. d4 cxd4 4. Nxd4 Nf6 5. Nc3 a6 6. Bc4 e6 7. O-O b5 8. Bb3
Bb7 9. Re1 Nbd7 10. f3 Be7 11. Bxe6 fxe6 12. Nxe6 Qb6+ 13. Be3 Qc6 14. Nxg7+
Kf7 15. Nf5 b4 16. Ne2 d5 17. Ned4 Qc7 18. Nxe7 Kxe7 19. exd5 Kf7 20. Ne6 Qd6
21. Ng5+ Kg7 22. Qd2 Bxd5 23. Bd4 Rae8 24. Nh3 h6 25. Nf2 Rhg8 26. Ng4 Rh8 27.
Rxe8 Rxe8 28. Qxh6+ Kf7 29. Nxf6 Nxf6 30. Bxf6 Qxf6 31. Qh5+ Kf8 32. Qxd5 Qxb2
33. Rf1 Qxc2 34. Qd6+ Kf7 35. Qxb4 Re2 36. Qb3+ Qxb3 37. axb3 Rb2 38. Ra1 Rxb3
39. Rxa6 Rb1+ 40. Kf2 Rb2+ 41. Kg3 1-0

[Event "Championnat de France des Jeunes - Pupil"]
[Site "LE GRAND BORNAND"]
[Date "????.??.??"]
[Round "2.6"]
[White "Debroucker, Marieke"]
[Black "Monpeurt, Cyrielle"]
[Result "0-1"]
[WhiteElo "1480"]
[BlackElo "1640"]
[PlyCount "70"]

1. e4 e5 2. Nf3 Nc6 3. d4 exd4 4. Nxd4 Bc5 5. Be3 Qf6 6. c3 Nge7 7. Bb5 Bb6 8.
Nd2 Nxd4 9. cxd4 Bxd4 10. Nc4 Bxb2 11. Rb1 Bc3+ 12. Bd2 Bxd2+ 13. Qxd2 Qg6 14.
f3 a6 15. Qa5 b6 16. Qa4 axb5 17. Qxa8 bxc4 18. O-O O-O 19. Qa7 Qc6 20. Rbc1
Qc5+ 21. Kh1 Ng6 22. Rc3 Nf4 23. Rfc1 Qg5 24. R1c2 d5 25. Qxc7 dxe4 26. fxe4
Rd8 27. h3 Rd1+ 28. Kh2 Bxh3 29. Rg3 Qf6 30. gxh3 h6 31. Rxc4 Rd2+ 32. Kh1 Ne6
33. Qxb6 Qf1+ 34. Qg1 Qxc4 35. Qb6 Qxe4+ 0-1

[Event "Championnat de France des Jeunes - Pupil"]
[Site "LE GRAND BORNAND"]
[Date "????.??.??"]
[Round "2.7"]
[White "Nolot, Clementine"]
[Black "Khan, Arooj"]
[Result "1-0"]
[WhiteElo "1630"]
[BlackElo "1480"]
[PlyCount "45"]

1. e4 e5 2. Nf3 Nc6 3. Nc3 Nf6 4. Bb5 Bc5 5. Nxe5 Nxe5 6. d4 Bb4 7. dxe5 Nxe4
8. Qd4 Bxc3+ 9. bxc3 Qh4 10. O-O O-O 11. f3 c5 12. Qxe4 Qxe4 13. fxe4 Re8 14.
Bc4 Rf8 15. Bg5 b6 16. Be7 Bb7 17. Bxf8 Rxf8 18. Rf4 a6 19. Raf1 b5 20. Bxf7+
Rxf7 21. Rxf7 h6 22. e6 dxe6 23. Rxb7 1-0

[Event "Championnat de France des Jeunes - Pupil"]
[Site "LE GRAND BORNAND"]
[Date "????.??.??"]
[Round "2.8"]
[White "Mencacci, Floriane"]
[Black "Aggoune, Audessa"]
[Result "1/2-1/2"]
[WhiteElo "1470"]
[BlackElo "1620"]
[PlyCount "65"]

1. e4 d5 2. exd5 Qxd5 3. Nc3 Qd6 4. Bc4 Nf6 5. Nf3 a6 6. O-O e6 7. d3 Nbd7 8.
Re1 Be7 9. Ne4 Nxe4 10. dxe4 e5 11. Qxd6 cxd6 12. Bg5 b5 13. Bb3 h6 14. Bxe7
Kxe7 15. c4 Nc5 16. cxb5 axb5 17. Bc2 Bb7 18. b4 Ne6 19. Nd2 Rhc8 20. Bb3 Rc3
21. Rec1 Rac8 22. Rxc3 Rxc3 23. h3 Nd4 24. f3 Rd3 25. Rd1 Ne2+ 26. Kf2 Nc3 27.
Rc1 Rxd2+ 28. Ke1 Re2+ 29. Kf1 Re3 30. Kf2 Re2+ 31. Kf1 Re3 32. Kf2 Re2+ 33.
Kf1 1/2-1/2

[Event "Championnat de France des Jeunes - Pupil"]
[Site "LE GRAND BORNAND"]
[Date "????.??.??"]
[Round "2.9"]
[White "Monemvasitis, Athina"]
[Black "Belafkih, Kimia"]
[Result "0-1"]
[WhiteElo "1460"]
[BlackElo "1600"]
[PlyCount "88"]

1. e4 e5 2. Nf3 Nc6 3. Bc4 Be7 4. d3 Nf6 5. h3 d5 6. Bb5 Bd6 7. Nc3 d4 8. Ne2
Bd7 9. c3 dxc3 10. Nxc3 a6 11. Bxc6 Bxc6 12. Be3 Qe7 13. Qc2 Bc5 14. Bxc5 Qxc5
15. Rc1 O-O-O 16. O-O Rd7 17. Rfd1 Rhd8 18. Ne1 Nh5 19. Ne2 Qxc2 20. Rxc2 Bb5
21. Rcd2 g6 22. g4 Ng7 23. f4 f6 24. fxe5 fxe5 25. Kh2 Ne6 26. Kg3 Ng5 27. h4
Nxe4+ 28. dxe4 Rxd2 29. Rxd2 Rxd2 30. Nc3 Rd8 31. g5 Rf8 32. Ng2 Bf1 33. Ne3
Bd3 34. Ned5 b5 35. b4 c6 36. Nf6 h6 37. Kg4 hxg5 38. hxg5 Kd8 39. a3 Ke7 40.
Kh4 Rh8+ 41. Kg4 Rh1 42. Kg3 Rg1+ 43. Kh4 Rc1 44. Ne2 Bxe2 0-1

[Event "Championnat de France des Jeunes - Pupi"]
[Site "LE GRAND BORNAND"]
[Date "????.??.??"]
[Round "2.16"]
[White "Fischer, Julie"]
[Black "Boutry, Aude"]
[Result "1-0"]
[WhiteElo "1600"]
[BlackElo "1450"]
[PlyCount "51"]

1. e4 e6 2. d4 d5 3. e5 c6 4. f4 c5 5. c3 Nc6 6. Nf3 Be7 7. Qc2 cxd4 8. cxd4 f6
9. Bd3 g6 10. O-O fxe5 11. fxe5 Nb4 12. Qa4+ Qd7 13. Bb5 Nc6 14. Bd2 Bd8 15.
Na3 Bb6 16. Bg5 Nge7 17. Bxe7 Qxe7 18. Bxc6+ bxc6 19. Qxc6+ Qd7 20. Qxa8 O-O
21. Ng5 Bxd4+ 22. Kh1 Qe7 23. Rxf8+ Qxf8 24. Rc1 Kg7 25. Qxc8 Qf4 26. Nxe6+ 1-0

[Event "Championnat de France des Jeunes - Pupil"]
[Site "LE GRAND BORNAND"]
[Date "????.??.??"]
[Round "2.11"]
[White "Pivard, Elsa"]
[Black "Gan, Grace"]
[Result "1-0"]
[WhiteElo "1460"]
[BlackElo "1600"]
[PlyCount "45"]

1. e4 e5 2. Nf3 Nf6 3. Nc3 Nc6 4. Be2 Bb4 5. O-O O-O 6. Nd5 Bc5 7. d3 Nxd5 8.
exd5 Nd4 9. Re1 Nxe2+ 10. Rxe2 d6 11. Be3 Bxe3 12. Rxe3 Bg4 13. Qd2 f5 14. d4
f4 15. Rb3 e4 16. Ne1 f3 17. Rxb7 fxg2 18. Nxg2 Rf6 19. Rb3 Rf3 20. Rxf3 exf3
21. Ne3 Qg5 22. Nf1 Bh3+ 23. Qxg5 1-0

[Event "Championnat de France des Jeunes - Pupil"]
[Site "LE GRAND BORNAND"]
[Date "????.??.??"]
[Round "2.12"]
[White "Griggio, Julie"]
[Black "Bouveron, Clara"]
[Result "1-0"]
[WhiteElo "1600"]
[BlackElo "1440"]
[PlyCount "115"]

1. e4 e5 2. Nf3 Nc6 3. d4 exd4 4. Nxd4 Bc5 5. Nxc6 bxc6 6. Bd3 d5 7. Nd2 Nf6 8.
Nb3 Be7 9. exd5 cxd5 10. Be3 Ng4 11. Bd4 Bf6 12. Qe2+ Qe7 13. Qxe7+ Kxe7 14. h3
Ne5 15. Be2 Bf5 16. O-O-O c6 17. g4 Bd7 18. Nc5 Bc8 19. f4 Nd7 20. Nxd7 Bxd7
21. Bc5+ Kd8 22. Ba6 Kc7 23. g5 Bd8 24. h4 Re8 25. Rhe1 f6 26. a4 Kb8 27. Bd6+
Bc7 28. Rxe8+ Bxe8 29. Re1 Bg6 30. Bxc7+ Kxc7 31. Re7+ Kb6 32. Bd3 Bxd3 33.
cxd3 fxg5 34. fxg5 Rg8 35. h5 a5 36. Kc2 Kc5 37. Ra7 Kb6 38. Rf7 Kc5 39. Rd7
Kb4 40. b3 Kc5 41. Kc3 h6 42. d4+ Kb6 43. g6 Ka6 44. Re7 Kb6 45. b4 Ka6 46.
bxa5 Kxa5 47. Rb7 Ka6 48. Rd7 Kb6 49. Kb4 Ka6 50. Kc5 Ra8 51. Rxg7 Ka5 52. Rf7
Kxa4 53. g7 Rg8 54. Kxc6 Kb4 55. Kxd5 Kb5 56. Ke6 Kc6 57. Kf6 Kd5 58. Rf8 1-0

[Event "Championnat de France des Jeunes - Pupil"]
[Site "LE GRAND BORNAND"]
[Date "????.??.??"]
[Round "2.13"]
[White "Gaguech, Elisa"]
[Black "Pouillart, Cecile"]
[Result "1-0"]
[WhiteElo "1450"]
[BlackElo "1600"]
[PlyCount "93"]

1. e4 e5 2. Nf3 Nc6 3. d4 exd4 4. Nxd4 Bc5 5. Be3 Qf6 6. c3 Nge7 7. Bc4 O-O 8.
Nxc6 Qxc6 9. Bd5 Qb6 10. Bxc5 Qxc5 11. O-O c6 12. b4 Qb6 13. Bb3 Rd8 14. a4 d5
15. a5 Qc7 16. Na3 dxe4 17. Qh5 Nd5 18. c4 Nxb4 19. Qc5 Na6 20. Qe3 Bf5 21. Nc2
Qe5 22. f4 Qf6 23. Rad1 c5 24. h3 Rd3 25. Rxd3 exd3 26. Ne1 Qb2 27. Bd1 Rd8 28.
g4 d2 29. Nf3 Be6 30. f5 Bxc4 31. Qe7 Rf8 32. Rf2 b6 33. Rxd2 Qf6 34. Qxa7 bxa5
35. Rc2 Bb3 36. Rd2 Bxd1 37. Rxd1 Qc6 38. Qe7 Qc7 39. Qh4 c4 40. g5 Qc5+ 41.
Nd4 Qe5 42. f6 Nc5 43. fxg7 Qxg7 44. Nf5 Qg6 45. Ne7+ Kg7 46. Nxg6 fxg6 47.
Qh6+ 1-0

[Event "Championnat de France des Jeunes - Pupil"]
[Site "LE GRAND BORNAND"]
[Date "????.??.??"]
[Round "2.14"]
[White "Andre, Severine"]
[Black "Abbassi, Zeyneb"]
[Result "1-0"]
[WhiteElo "1590"]
[BlackElo "1410"]
[PlyCount "41"]

1. Nf3 c5 2. g3 d6 3. Bg2 e6 4. O-O Nc6 5. c4 Nf6 6. Nc3 b6 7. Qa4 Bd7 8. Qc2
g6 9. d3 h6 10. b3 Bg7 11. Bb2 O-O 12. Qd2 Qc7 13. e3 d5 14. cxd5 exd5 15. Rac1
a6 16. d4 Qd6 17. Rfd1 Be6 18. Ne5 Nxe5 19. dxe5 Qxe5 20. Nxd5 Qf5 21. Ne7+ 1-0

[Event "Championnat de France des Jeunes - Pupil"]
[Site "LE GRAND BORNAND"]
[Date "????.??.??"]
[Round "2.15"]
[White "Savalle, Mathilde"]
[Black "Hild, Aurelia"]
[Result "1-0"]
[WhiteElo "1580"]
[BlackElo "1410"]
[PlyCount "81"]

1. e4 e5 2. Nf3 Nc6 3. d4 d6 4. Nc3 Nf6 5. Bb5 Bd7 6. O-O Be7 7. d5 Nb8 8. Be2
O-O 9. Nd2 c6 10. dxc6 Nxc6 11. Nc4 Re8 12. Nxd6 Bxd6 13. Qxd6 Nd4 14. Bd3 Re6
15. Qa3 Nh5 16. f4 Qe8 17. Nd5 Rc8 18. f5 Rec6 19. Ne7+ Kh8 20. Nxc6 Rxc6 21.
c3 Nf4 22. Bxf4 exf4 23. cxd4 h6 24. Rac1 Rb6 25. b3 Qd8 26. Qb2 Rc6 27. Rxc6
bxc6 28. Qf2 g5 29. Qf3 Bc8 30. d5 Qb6+ 31. Kh1 Bb7 32. d6 c5 33. Bc4 Kg8 34.
Rd1 Bc8 35. d7 Bxd7 36. Rxd7 Qa5 37. Bxf7+ Kh8 38. Bc4 a6 39. Qd1 f3 40. Qa1+
Qc3 41. Qxc3# 1-0

[Event "Championnat de France - Chamois"]
[Site "LE GRAND BORNAND"]
[Date "????.??.??"]
[Round "2.1"]
[White "Lafuma, Antoine"]
[Black "Hoffer, Tristan"]
[Result "0-1"]
[WhiteElo "1680"]
[BlackElo "2032"]
[PlyCount "82"]

1. e4 c5 2. Nf3 d6 3. Bb5+ Bd7 4. Bxd7+ Qxd7 5. O-O Nf6 6. Re1 e6 7. c3 Nc6 8.
d4 cxd4 9. cxd4 d5 10. exd5 Nxd5 11. Ne5 Qc7 12. Qa4 Rc8 13. Nc3 Nb6 14. Qd1
Bb4 15. Bf4 Qd8 16. Nxc6 Rxc6 17. Rc1 O-O 18. Be5 Nd5 19. Qg4 f6 20. Bg3 Re8
21. Re2 Nxc3 22. bxc3 Bxc3 23. Rec2 Qxd4 24. Qxd4 Bxd4 25. Rxc6 bxc6 26. Rxc6
e5 27. Kf1 Rb8 28. Rc2 Kf7 29. f3 Rb2 30. Rxb2 Bxb2 31. Bf2 Bd4 32. Be1 Ke6 33.
Ke2 Kd5 34. Kd3 f5 35. a4 a6 36. a5 e4+ 37. fxe4+ fxe4+ 38. Ke2 Kc4 39. h4 h5
40. g3 Bc5 41. Bd2 Bb4 0-1

[Event "Championnat de France - Chamois"]
[Site "LE GRAND BORNAND"]
[Date "????.??.??"]
[Round "2.3"]
[White "Muheim, Sebastien"]
[Black "Vernay, Gaspard"]
[Result "1-0"]
[WhiteElo "1959"]
[BlackElo "1660"]
[PlyCount "59"]

1. d4 d5 2. c4 c6 3. Nf3 Nf6 4. e3 e6 5. Bd3 Nbd7 6. O-O Bd6 7. Nc3 O-O 8. Qc2
dxc4 9. Bxc4 b5 10. Bd3 Bb7 11. e4 e5 12. dxe5 Nxe5 13. Nxe5 Bxe5 14. Kh1 a6
15. f4 Bd4 16. e5 Bxc3 17. bxc3 Ng4 18. Bxh7+ Kh8 19. Bf5 Qh4 20. Bxg4 Qxg4 21.
Rf3 Kg8 22. Rg3 Qh5 23. Rh3 Qg6 24. f5 Qg4 25. Rg3 Qc4 26. Bh6 g6 27. Bxf8 Kxf8
28. fxg6 fxg6 29. Qxg6 Qxc3 30. Rxc3 1-0

[Event "Championnat de France - Chamois"]
[Site "LE GRAND BORNAND"]
[Date "????.??.??"]
[Round "2.4"]
[White "Ackermann, Nathan"]
[Black "Razanajato, Harenome"]
[Result "0-1"]
[WhiteElo "1670"]
[BlackElo "1941"]
[PlyCount "32"]

1. e4 c5 2. Nf3 d6 3. d4 cxd4 4. Nxd4 Nf6 5. Nc3 a6 6. Be2 e6 7. O-O Be7 8. Be3
b5 9. a3 Bb7 10. Bd3 Nbd7 11. Nb3 d5 12. exd5 Nxd5 13. Nxd5 Bxd5 14. Qg4 Nf6
15. Qf4 Bxb3 16. cxb3 Qxd3 0-1

[Event "Championnat de France - Chamois"]
[Site "LE GRAND BORNAND"]
[Date "????.??.??"]
[Round "2.5"]
[White "Auvray, Simon"]
[Black "Calon, Quentin"]
[Result "1-0"]
[WhiteElo "1887"]
[BlackElo "1640"]
[PlyCount "25"]

1. e4 e5 2. Nf3 Nc6 3. Bb5 Nf6 4. O-O d6 5. d4 Bd7 6. Nc3 g6 7. Bxc6 Bxc6 8.
dxe5 dxe5 9. Nxe5 Qxd1 10. Rxd1 Bd6 11. Nxc6 bxc6 12. e5 Bxe5 13. Re1 1-0

[Event "Championnat de France - Chamois"]
[Site "LE GRAND BORNAND"]
[Date "????.??.??"]
[Round "2.6"]
[White "Pivard, Oscar"]
[Black "Delory, Lucas"]
[Result "0-1"]
[WhiteElo "1630"]
[BlackElo "1880"]
[PlyCount "82"]

1. d4 d5 2. Nf3 Nf6 3. Bf4 e6 4. e3 c6 5. Bd3 Nh5 6. Bg3 Nxg3 7. hxg3 Nd7 8.
Nbd2 Nf6 9. c3 Bd6 10. Qc2 Qc7 11. O-O-O h6 12. e4 dxe4 13. Nxe4 Nxe4 14. Bxe4
Bd7 15. Nd2 O-O-O 16. Nc4 Rhf8 17. f4 g5 18. Nxd6+ Qxd6 19. Rdf1 f5 20. Bd3
gxf4 21. gxf4 Rh8 22. Qe2 Rdg8 23. Rhg1 Rg4 24. g3 Rhg8 25. Rf3 h5 26. Qe1 h4
27. Re3 hxg3 28. Be2 R4g7 29. Re5 Qe7 30. Bc4 Qh4 31. Bxe6 Qxf4+ 32. Kb1 Bxe6
33. Rxe6 Kd7 34. Rf1 Qc7 35. Rh6 Re8 36. Qd2 g2 37. Rg1 Qg3 38. Kc2 Qf3 39. Re1
Rxe1 40. Qxe1 Qe4+ 41. Qxe4 fxe4 0-1

[Event "Championnat de France - Chamois"]
[Site "LE GRAND BORNAND"]
[Date "????.??.??"]
[Round "2.7"]
[White "Genin, Maxime"]
[Black "Chanmougavelou, Ragavan"]
[Result "0-1"]
[WhiteElo "1871"]
[BlackElo "1620"]
[PlyCount "100"]

1. e4 e5 2. Nf3 Nc6 3. Nc3 Nf6 4. d4 exd4 5. Nxd4 Bb4 6. Nxc6 bxc6 7. Bd3 d5 8.
exd5 cxd5 9. O-O O-O 10. Bg5 c6 11. h3 Qd6 12. Re1 Bd7 13. Qf3 d4 14. Ne4 Nxe4
15. Rxe4 Rfe8 16. a3 Ba5 17. Rh4 h6 18. Qh5 Re5 19. f4 Re1+ 20. Rxe1 Bxe1 21.
f5 Bxh4 22. Bxh4 Qe5 23. Bf2 Qf4 24. b3 Re8 25. g3 Qe5 26. Qf3 c5 27. g4 Qe7
28. Bc4 Qe5 29. Bd3 Qc7 30. Be4 Bb5 31. a4 Ba6 32. Bg3 Qe7 33. Bd5 Qe3+ 34.
Qxe3 dxe3 35. Be1 Be2 36. Kg2 Bd1 37. c3 Rb8 38. b4 cxb4 39. cxb4 Bxa4 40. Bc4
Rd8 41. Kf3 Re8 42. Be2 Bc6+ 43. Kg3 Rc8 44. Bd3 Bd5 45. Kf4 Rc1 46. Bg3 Bc4
47. Bxc4 Rxc4+ 48. Kxe3 Rxb4 49. Kf3 Rb3+ 50. Kg2 Rxg3+ 0-1

[Event "Championnat de France - Chamois"]
[Site "LE GRAND BORNAND"]
[Date "????.??.??"]
[Round "2.8"]
[White "Julien, Clement"]
[Black "Copin, Valentin"]
[Result "1/2-1/2"]
[WhiteElo "1620"]
[BlackElo "1867"]
[PlyCount "64"]

1. e4 e5 2. Nf3 Nc6 3. Bc4 Bc5 4. c3 Nf6 5. d3 a6 6. Nbd2 d6 7. O-O O-O 8. b4
Ba7 9. a4 Bg4 10. h3 Be6 11. Ba3 Bxc4 12. Nxc4 b5 13. Ne3 d5 14. Qc2 dxe4 15.
dxe4 Bxe3 16. fxe3 Qb8 17. c4 Qb6 18. c5 Qb7 19. axb5 axb5 20. Nd2 Ra4 21. Qc3
Rfa8 22. Rfb1 Qa7 23. Rb3 Nxb4 24. Rxb4 Rxa3 25. Rxa3 Qxa3 26. Qxa3 Rxa3 27.
Rxb5 g6 28. Kf2 Ra2 29. Ke1 Ra1+ 30. Kf2 Ra2 31. Ke1 Ra1+ 32. Kf2 Ra2 1/2-1/2

[Event "Championnat de France - Chamois"]
[Site "LE GRAND BORNAND"]
[Date "????.??.??"]
[Round "2.9"]
[White "Carabetta, Gaetan"]
[Black "Rigal, Samy"]
[Result "0-1"]
[WhiteElo "1610"]
[BlackElo "1850"]
[PlyCount "74"]

1. d4 d5 2. Nf3 Nf6 3. Bf4 e6 4. e3 Bd6 5. Bxd6 Qxd6 6. Bd3 O-O 7. O-O Nbd7 8.
c3 e5 9. Bc2 e4 10. Nfd2 Re8 11. c4 c6 12. Nc3 Nf8 13. cxd5 cxd5 14. Bb3 Ng4
15. g3 Nf6 16. Rc1 a6 17. Ne2 Bh3 18. Re1 Bg4 19. Rc3 Rac8 20. Qb1 Ne6 21. Rxc8
Rxc8 22. Nc3 Ng5 23. Bd1 Qe6 24. Bxg4 Qxg4 25. Qd1 Nf3+ 26. Nxf3 exf3 27. h3
Qh5 28. Kh2 Ng4+ 29. Kg1 Nf6 30. Kh2 Re8 31. Rh1 Re6 32. Kg1 Rb6 33. Nb1 h6 34.
b3 Ne4 35. g4 Qh4 36. Qxf3 Rf6 37. Qe2 Rxf2 0-1

[Event "Championnat de France - Chamois"]
[Site "LE GRAND BORNAND"]
[Date "????.??.??"]
[Round "2.10"]
[White "Brunier, Jules"]
[Black "Gac, Benjamin"]
[Result "1-0"]
[WhiteElo "1841"]
[BlackElo "1610"]
[PlyCount "129"]

1. e4 d5 2. exd5 Qxd5 3. Nc3 Qa5 4. d4 Nf6 5. Bd2 c6 6. Nf3 Qc7 7. Bc4 Bf5 8.
O-O e6 9. Ne5 Nbd7 10. Bf4 Bd6 11. Qe2 Bxe5 12. dxe5 Ng4 13. Rfe1 O-O-O 14. h3
Nh6 15. Bg5 Rde8 16. Bb3 Ng8 17. Rad1 h6 18. Bh4 g5 19. Bg3 Ne7 20. Rd2 h5 21.
Red1 Nb6 22. Ne4 Bxe4 23. Qxe4 Rd8 24. f4 gxf4 25. Bxf4 Nbd5 26. Bg5 Rhg8 27.
Bh4 Rde8 28. Bf2 Rg5 29. c4 Rxe5 30. Qd4 Nf5 31. Qxa7 b6 32. Qxc7+ Nxc7 33.
Bxb6 Re7 34. Ba4 Kb7 35. c5 Nd5 36. Bd8 Re8 37. Ba5 Nfe3 38. Rc1 Rg5 39. b4
Reg8 40. Bxc6+ Kxc6 41. a4 Nc7 42. Rd6+ Kb7 43. Rd7 Ned5 44. c6+ Kb8 45. g4
hxg4 46. h4 R5g7 47. b5 f5 48. b6 Nxb6 49. Bxb6 Kc8 50. Bxc7 Rxd7 51. cxd7+
Kxd7 52. Bf4 Ra8 53. Rc4 Ke7 54. Be5 Ra5 55. Bc7 Ra7 56. a5 Kd7 57. Bb6 Ra6 58.
Rc7+ Kd6 59. Ra7 Rxa7 60. Bxa7 Kc7 61. h5 e5 62. h6 f4 63. h7 g3 64. h8=Q Kd6
65. Bb8+ 1-0